000 01122nam0a22002651 4500
001 rc\4472442
005 20250611182353.0
035 _a(NLR Aleph) 008330464
090 _a8813829
_c8813829
100 _a20130416d1965 |||y0rusy50 ca
101 0 _arus
102 _aRU
105 _ab z |||||
200 1 _aСовременное состояние и перспективы развития портов Японии
_eОбзор по материалам зарубежной печати
_fВсесоюз. ин-т науч. и техн. информации Гос. ком. Совета Министров СССР по науке и технике и Акад. наук СССР
210 _aМосква
_cБ. и.
_d1965
215 _a56 с.
_cкарт.
_d22
300 _aСост. указан на обороте тит. л.
320 _aБиблиогр.: с. 56
333 _aДля служебного пользования. Экз. № 6
700 1 _aКриницин
_bН.Н.
_4220
801 0 _aRU
_bNLR
_gpsbo
801 1 _aRU
_bELAR
_2rusmarc
852 _aNLR
_j50к/2013
942 _cBOOK
980 _aNB